| 000 | 00312cam a22001097a 4500 | ||
|---|---|---|---|
| 008 | 180718b1984 xxu||||| |||| 00| 0 eng d | ||
| 082 | _aA99 Sh86 | ||
| 245 | _aRemembering Lala Shri Ram: reminiscences on his 100th birthday | ||
| 260 |
_aDelhi _bD.C.M. Ltd. _c1984 |
||
| 300 | _a398p. | ||
| 650 | _aShri Ram, 1884-1963 | ||
| 999 |
_c477405 _d477405 |
||